[Event "World Amateur-ch U2000"]
[Site "Muscat"]
[Date "2023.11.06"]
[Round "5.10"]
[White "Erkhembayar, Amartaivan"]
[Black "Varnazov, Lev"]
[Result "1-0"]
[WhiteElo "1843"]
[BlackElo "1990"]
[PlyCount "73"]
[EventDate "2023.11.02"]
[EventType "swiss"]
[EventRounds "9"]
[EventCountry "OMN"]
[SourceTitle "CB46_2023"]
[SourceDate "2023.11.15"]
[SourceVersion "1"]
[SourceVersionDate "2023.11.15"]
[SourceQuality "1"]

1. d4 d5 2. c4 e6 3. Nc3 Nf6 4. cxd5 exd5 5. Bg5 Nbd7 6. e3 c6 7. Qc2 Be7 8. Bd3 h6 9. Bh4 Nh5 10. Bxe7 Qxe7 11. 0-0-0 Nb6 12. Kb1 Be6 13. Rc1 0-0 14. h3 Nf6 15. g4 c5 16. dxc5 Qxc5 17. Nf3 Rac8 18. Rhg1 Qe7 19. g5 hxg5 20. Rxg5 Ne4 21. Bxe4 dxe4 22. Rcg1 f5 23. Rxg7+ Qxg7 24. Rxg7+ Kxg7 25. Nd4 Bc4 26. Qd1 Bd3+ 27. Ka1 Kh6 28. a4 Rf6 29. h4 Rg8 30. a5 Nc4 31. Nd5 Rf7 32. Ne7 Rg2 33. Ndxf5+ Rxf5 34. Nxf5+ Kg6 35. Qh1 Rg4 36. Ng3 Nd6 37. Qh3 1-0

[Event "Ulaanbaatar Ikh Nuudel op"]
[Site "Ulaanbaatar"]
[Date "2016.10.03"]
[Round "7"]
[White "Enkhsaran, Batsaikhan"]
[Black "Erkhembayar, Amartaivan"]
[Result "1-0"]
[WhiteElo "1380"]
[BlackElo "1761"]
[PlyCount "109"]
[EventDate "2016.09.29"]
[EventType "swiss"]
[EventRounds "9"]
[EventCountry "MGL"]
[SourceTitle "CBM 174 Extra"]
[Source "ChessBase"]
[SourceDate "2016.10.10"]
[SourceVersion "1"]
[SourceVersionDate "2016.10.10"]
[SourceQuality "1"]

1. e4 e5 2. Nf3 Nc6 3. Bc4 Bc5 4. c3 d6 5. 0-0 Nf6 6. d3 h6 7. a4 a5 8. Na3 0-0 9. Nc2 Ne7 10. Be3 Bxe3 11. Nxe3 c6 12. Bb3 Be6 13. Bc2 Ng6 14. d4 Qb6 15. Qd2 Rfd8 16. Rfd1 Qc7 17. Qe1 d5 18. exd5 Nxd5 19. Bxg6 Nxe3 20. Qxe3 fxg6 21. Qxe5 Qf7 22. Qg3 g5 23. Re1 Re8 24. Ne5 Qf4 25. Qf3 Qxf3 26. Nxf3 Bb3 27. Ne5 Rad8 28. Ra3 Bd5 29. Raa1 Bb3 30. Kf1 c5 31. dxc5 Rd2 32. c6 bxc6 33. Nxc6 Rf8 34. f3 Bc4+ 35. Kg1 g4 36. Ne5 gxf3 37. Nxf3 Rxb2 38. Re5 Be2 39. Nd4 Bc4 40. Rf5 Rfb8 41. Rxa5 Rd2 42. Rc5 Bd3 43. Nf3 Rdb2 44. Ne5 Be4 45. Nf3 Re2 46. Rb5 Rf8 47. a5 g5 48. h3 Rc2 49. a6 Rxc3 50. a7 Bxf3 51. gxf3 Rcc8 52. Rb7 Ra8 53. Rab1 Rfe8 54. Rb8 Rxa7 55. Rxe8+ 1-0

[Event "Ulaanbaatar Ikh Nuudel op"]
[Site "Ulaanbaatar"]
[Date "2016.10.01"]
[Round "3"]
[White "Amgalanbaatar, Ravdanlkhumbuu"]
[Black "Erkhembayar, Amartaivan"]
[Result "1/2-1/2"]
[WhiteElo "2092"]
[BlackElo "1761"]
[PlyCount "87"]
[EventDate "2016.09.29"]
[EventType "swiss"]
[EventRounds "9"]
[EventCountry "MGL"]
[SourceTitle "CBM 174 Extra"]
[Source "ChessBase"]
[SourceDate "2016.10.10"]
[SourceVersion "1"]
[SourceVersionDate "2016.10.10"]
[SourceQuality "1"]

1. e4 e5 2. Nf3 Nc6 3. Bb5 Nf6 4. d3 d6 5. Nbd2 Bd7 6. Nf1 Ne7 7. Bxd7+ Qxd7 8. Ng3 g6 9. h3 Nc6 10. c4 Bg7 11. Be3 b6 12. Qd2 a5 13. b3 Qe7 14. a3 Nd7 15. 0-0 Nc5 16. b4 Nb3 17. Qb2 Nxa1 18. b5 Nd8 19. Qxa1 Ne6 20. Qc1 0-0 21. Ng5 Nd8 22. h4 f6 23. Nf3 f5 24. Bg5 Qe6 25. Bxd8 Raxd8 26. Ne2 fxe4 27. dxe4 Qg4 28. Qe3 Rf6 29. Ng3 Rdf8 30. Qg5 Qe6 31. Qc1 Rf4 32. Ng5 Qg4 33. Qd1 h6 34. f3 Qd7 35. Nh3 R4f6 36. Ne2 h5 37. Nc3 Bh6 38. Nd5 R6f7 39. Ng5 Bxg5 40. hxg5 c6 41. Nf6+ Rxf6 42. gxf6 cxb5 43. Qe2 Qe6 44. cxb5 1/2-1/2

[Event "Ulaanbaatar Ikh Nuudel op"]
[Site "Ulaanbaatar"]
[Date "2016.10.01"]
[Round "4"]
[White "Erkhembayar, Duurenbayar"]
[Black "Erkhembayar, Amartaivan"]
[Result "1-0"]
[WhiteElo "2221"]
[BlackElo "1761"]
[PlyCount "85"]
[EventDate "2016.09.29"]
[EventType "swiss"]
[EventRounds "9"]
[EventCountry "MGL"]
[SourceTitle "CBM 174 Extra"]
[Source "ChessBase"]
[SourceDate "2016.10.10"]
[SourceVersion "1"]
[SourceVersionDate "2016.10.10"]
[SourceQuality "1"]

1. d4 d5 2. c4 e6 3. Nc3 Nf6 4. Nf3 Be7 5. Qc2 0-0 6. Bf4 c6 7. e4 dxe4 8. Nxe4 c5 9. Nxc5 Bxc5 10. dxc5 Qa5+ 11. Qd2 Qxd2+ 12. Nxd2 Nc6 13. 0-0-0 e5 14. Bg3 Bf5 15. a3 Rad8 16. f3 Rd7 17. Be2 Rfd8 18. Nb3 a5 19. Bf2 a4 20. Na1 e4 21. Rxd7 Rxd7 22. Rd1 Ne5 23. Rxd7 Nfxd7 24. Kd2 Kf8 25. Bd4 exf3 26. gxf3 Nc6 27. Be3 Na5 28. Kc3 Nc6 29. Nc2 Ke7 30. Nd4 Nxd4 31. Bxd4 g5 32. Bd1 h5 33. Bxa4 Nb8 34. b4 g4 35. fxg4 hxg4 36. b5 Be4 37. Be5 Nd7 38. Kd4 Bf3 39. Bc2 Ke6 40. Bd6 f5 41. a4 Kf6 42. a5 Bg2 43. Bf4 1-0